[Event "Winterthur"]
[Site "Winterthur"]
[Date "1996.??.??"]
[Round "10"]
[White "Forster, Richard"]
[Black "Pelletier, Yannick"]
[Result "1/2-1/2"]
[WhiteElo "2320"]
[BlackElo "2440"]
[Annotator "Pelletier,Y"]
[PlyCount "75"]
[EventDate "1996.09.??"]
[EventType "tourn"]
[EventRounds "11"]
[EventCountry "SUI"]
[EventCategory "9"]
[SourceTitle "CBM 055"]
[Source "ChessBase"]
[SourceDate "1996.12.01"]
[SourceVersion "1"]
[SourceVersionDate "1996.12.01"]
[SourceQuality "1"]

1. e4 c5 2. Nf3 d6 3. d4 cxd4 4. Nxd4 Nf6 5. Nc3 Nc6 6. Bc4 Qb6 7. Nb3 e6 8.
Be3 Qc7 9. f4 a6 10. Bd3 Be7 $2 {Meilleur est 10...b5 11.Qf3 Bb7, car la tour
trouvera sans aucun doute une case plus appropriÉe que b8.} 11. Qf3 Rb8 {
11...b5 ne marche dÉjà plus au vu de 12.e5!} 12. O-O b5 13. Rad1 (13. e5 dxe5
14. fxe5 Nxe5 15. Qg3 Nh5 16. Qh3 Nxd3 17. Qxh5 Ne5 18. Bd4 {ne me plaisait
pas beaucoup de mÉme que 16...g6 17.Le2!. Peut-Étre que 15...0-0 16.Lh6 g6 eût
ÉtÉ la meilleure solution.}) 13... Bb7 14. Qh3 Nb4 {Il est important
d'Échanger ce fou de malheur.} 15. Nd4 Nxd3 16. cxd3 O-O 17. Rf3 {Durant la
partie, je ne croyais pas vraiment а une attaque contre mon roi, mais la suite
des ÉvÉnements va me donner tord.} Rfe8 18. Rg3 Bf8 {Il Était prÉfÉrable
d'intercaler 18...b4.} 19. Qh4 Qd8 20. f5 Nd7 21. Bg5 Qb6 22. Be3 Qd8 {Les
noirs n'ont rien de mieux que la rÉpÉtition de coups,} 23. Qh3 {mais les
blancs oui!} e5 24. Nf3 b4 25. Nd5 {Si j'avais jouÉ 18...b4, je pourrais
maintenant ouvrir le centre par d5.} Bxd5 26. exd5 Rb5 27. f6 $1 {[#]L'attaque
va s'avÉrer très dangereuse, surtout avec le zeitnot qui approche.} Nxf6 28.
Rf1 Rxd5 {Quand on ne sait plus quoi faire...} 29. Bh6 $1 (29. Ng5 h6 30. Ne4
Nxe4 31. dxe4 Rd3 32. Qxh6 Qd7 {ne permettait sûrement pas aux blancs de
passer.}) 29... g6 {Les autres possibilitÉs ne suffisent pas non plus. Par
exemple:} (29... Qd7 30. Qh4 Re6 31. Ng5 Rd4 (31... Qa7+ 32. Kh1 Rd4 33. Qh3 {
et tout est en prise.}) 32. Qh3 $1 Re8 33. Rxf6 Qxh3 34. gxh3 gxh6 (34... gxf6
35. Ne6+ $18) 35. Ne6+ Kh8 36. Rxf7) (29... Kh8 30. Ng5 Qd7 31. Rxf6 $1 {
n'est pas spÉcialement attractif.}) 30. Bxf8 {Le coup du texte est meilleur
que 30.Ng5 Be7} Rxf8 31. Ng5 h5 (31... Kg7 {et aussi possible:} 32. Rgf3 (32.
Rxf6 $2 Kxf6 33. Qxh7 (33. Rf3+ Kxg5 $1 {et les noirs s'en sortent.}) 33... Rd4
) 32... h6 33. Rxf6 hxg5 34. Qf3 Rd4 35. Rxf7+ Rxf7 36. Qxf7+ Kh8 (36... Kh6
37. Rf6) 37. Qxg6 Rf4 38. Rc1 {et l'activitÉ des pièces blanches devrait Étre
suffisante.}) 32. Ne4 $2 {Il fallait continuer l'attaque par} (32. Ne6 $1 Qb6+
33. Kh1 Rc8 $5 34. Qh4 $3 {et les noirs n'ont plus de dÉfense satisfaisante.})
32... Nxe4 33. dxe4 Rd2 34. Qxh5 Qb6+ 35. Kh1 d5 $1 36. exd5 {Meilleur Était
36.Qxe5.} Rf2 $2 {Les noirs pouvaient jouer pour le gain en rÉcupÉrant le pion
d5.} 37. Rxf2 Qxf2 38. Rxg6+ 1/2-1/2

[Event "Aruba m1"]
[Site "Aruba"]
[Date "1991.??.??"]
[Round "5"]
[White "Polgar, Judit"]
[Black "Polugaevsky, Lev"]
[Result "1/2-1/2"]
[WhiteElo "2540"]
[BlackElo "2610"]
[Annotator "Polgar,J"]
[PlyCount "72"]
[EventDate "1991.03.??"]
[EventType "match"]
[EventRounds "8"]
[EventCountry "NAU"]
[SourceTitle "CBM 023"]
[Source "ChessBase"]
[SourceDate "1991.08.01"]
[SourceVersion "1"]
[SourceVersionDate "1991.08.01"]
[SourceQuality "1"]

1. e4 c5 2. Nf3 d6 3. d4 cxd4 4. Nxd4 Nf6 5. Nc3 a6 6. f4 e6 7. Bd3 b5 8. Qf3
Bb7 9. g4 Nfd7 $5 10. Be3 Nc5 11. O-O-O b4 12. Nce2 Nbd7 13. Kb1 Qc7 14. g5 g6
15. h4 Bg7 16. h5 Rg8 17. Ng3 $6 (17. hxg6 $5 hxg6 18. Rh7 $13) 17... O-O-O 18.
Rhe1 Kb8 19. Qf2 e5 (19... Rc8 $5) 20. Nb3 exf4 21. Bxf4 (21. Qxf4 Be5) 21...
Be5 (21... Ne5 $6 22. Nxc5 Qxc5 23. Qxc5 dxc5 24. Bc4) 22. Bc4 (22. Nxc5 $6
dxc5 $1) 22... Bxf4 (22... Ne6 $5 23. Bxe5 Nxe5 24. Bd5 Nxg5 25. Bxb7 Qxb7 26.
Na5 Qc7 27. Rd5 Ne6 28. Qd2 Qb6 29. Rd1 $146) 23. Qxf4 Ne5 24. Bd5 Rc8 25. Re2
a5 26. Nd4 Ba6 27. Red2 (27. Rf2 Ned3 28. cxd3 Nxd3 $19) 27... Na4 (27... a4 $1
) 28. Nf1 (28. Qe3 $2 Nxb2 $1) 28... Rgd8 29. Ne3 Nxb2 (29... Qb6 $15) 30. Kxb2
Qc3+ 31. Kb1 a4 32. Ne2 $8 Bxe2 33. Rxe2 a3 34. Kc1 Qb2+ 35. Kd2 Qc3+ (35...
Nd3 $2 36. Qf6 $1) 36. Kc1 Qb2+ 1/2-1/2

[Event "Aruba m1"]
[Site "Aruba"]
[Date "1991.??.??"]
[Round "1"]
[White "Polgar, Judit"]
[Black "Polugaevsky, Lev"]
[Result "1-0"]
[WhiteElo "2540"]
[BlackElo "2610"]
[Annotator "Polgar,J"]
[PlyCount "81"]
[EventDate "1991.03.??"]
[EventType "match"]
[EventRounds "8"]
[EventCountry "NAU"]
[SourceTitle "CBM 023"]
[Source "ChessBase"]
[SourceDate "1991.08.01"]
[SourceVersion "1"]
[SourceVersionDate "1991.08.01"]
[SourceQuality "1"]

1. e4 {Blatny,P} c5 2. Nf3 d6 3. d4 cxd4 4. Nxd4 Nf6 5. Nc3 a6 6. f4 e6 7. Bd3
(7. Qf3) 7... b5 8. Qf3 (8. a3 Bb7 9. Nf3 Nbd7 10. O-O Rc8 11. Qe1 Be7 12. Kh1
Qc7 13. Bd2 O-O 14. Qg3 {Vuksanovich-Andreeva,Moscow 1990.}) 8... Bb7 9. g4 (9.
Be3 Nbd7 10. g4 Nc5) 9... Nc6 10. Nxc6 $6 (10. Be3 Nxd4 11. Bxd4) 10... Bxc6
11. a3 (11. Be3 b4 12. Ne2 Qc7) 11... Be7 12. Be3 Nd7 13. O-O-O Qc7 (13... Rb8
$1 14. g5 b4 15. axb4 Rxb4) 14. h4 (14. g5 $1 Rb8 (14... O-O 15. h4 Nc5 16. f5)
(14... Nc5 15. f5 $40) 15. Qh3 b4 16. axb4 Rxb4 17. g6 Bf6 18. e5 dxe5 19.
gxf7+ Kxf7 20. f5 $16) 14... Qb7 (14... Nc5 15. Bd4 O-O 16. f5) (14... Rb8 15.
g5 O-O) 15. Bd4 O-O (15... b4 16. axb4 Qxb4 17. Ne2 O-O 18. Bc3 $13) (15... Bf6
16. Bxf6 Nxf6 17. g5 Nd7 $13) 16. g5 Rfe8 (16... f5 $6 17. Rhe1 e5 18. Nd5 Bxd5
19. exd5 e4 20. Rxe4 $1 Qxd5 (20... fxe4 21. Qxe4 $16) 21. Rxe7 $3 Qxf3 22.
Rxg7+ Kh8 23. Rxd7+ $18) (16... b4 $1 17. axb4 Qxb4 18. Nd5 $2 exd5 19. exd5
Bb5 20. Bxh7+ Kxh7 21. Qh5+ Kg8 22. Bxg7 Qxf4+ $19) 17. h5 (17. f5 Ne5 (17...
exf5 18. Qxf5 Bf8 19. Nd5 $14) 18. Bxe5 dxe5 19. f6 $13) 17... b4 (17... e5 18.
Be3 exf4 19. Qxf4 Ne5 20. Nd5 Bf8 (20... Bxd5 21. exd5 Rac8 $13) 21. h6 $16)
18. axb4 Qxb4 19. Ne2 Nc5 20. g6 fxg6 21. hxg6 h6 22. Rdg1 $2 (22. Bc3 $1 Qb7 (
22... Bxe4 23. Qh3 Qb7 24. Bxg7 $1 $18 {Polugajevski}) 23. Ng3 $40) 22... Rac8
(22... Rec8 23. Kb1 Rab8 24. f5 $13) 23. Kb1 Nxd3 24. cxd3 Qb3 $6 (24... Ba4 $5
25. Bc3 Rxc3 26. Nxc3 Bb3 $44) 25. Bc3 (25. Nc1 $2 Qc2+ $1 $17) 25... e5 $1 26.
Nc1 (26. fxe5 dxe5 27. Bxe5 Qc2+ $1) 26... Qe6 (26... Qb5 $6 27. fxe5 Rf8 28.
Qg4 Bd7 29. e6) 27. Qe3 (27. f5 $6 Qd7 $13) (27. fxe5 dxe5 28. Qf7+ Qxf7 29.
gxf7+ Kxf7 30. Bxe5 Bg5 $1) 27... Bf8 $2 (27... Bf6 $1) 28. f5 Qf6 (28... Qd7
$6 29. f6 gxf6 30. g7 $18) (28... Qe7 29. Re1 d5) 29. Be1 $1 $18 d5 30. Bh4 Qd6
31. f6 Re6 32. f7+ Kh8 33. Qg3 Ba4 34. Bf6 $1 Rxc1+ 35. Rxc1 Rxf6 (35... gxf6
36. g7+ Bxg7 37. Rxh6+ $1 $18) 36. Rcg1 $1 (36. Rc8 Rxg6 37. Rxf8+ Kh7) 36...
Rf1+ 37. Rxf1 dxe4 38. Rfg1 Qxd3+ 39. Qxd3 exd3 40. Re1 Bc2+ 41. Kc1 1-0

[Event "Biel"]
[Site "Biel"]
[Date "1990.??.??"]
[Round "10"]
[White "De Firmian, Nick E"]
[Black "Polugaevsky, Lev"]
[Result "0-1"]
[WhiteElo "2560"]
[BlackElo "2610"]
[Annotator "Polugaevsky,L"]
[PlyCount "76"]
[EventDate "1990.07.??"]
[EventType "tourn"]
[EventRounds "14"]
[EventCountry "SUI"]
[EventCategory "14"]
[SourceTitle "CBM 019"]
[Source "ChessBase"]
[SourceDate "1990.12.01"]
[SourceVersion "1"]
[SourceVersionDate "1990.12.01"]
[SourceQuality "1"]

1. e4 {Boensch} c5 2. Nf3 d6 3. d4 cxd4 4. Nxd4 Nf6 5. Nc3 a6 6. f4 e6 7. Qf3 (
7. Bd3 b5 $1 8. e5 $6 dxe5 9. fxe5 Nd5 $15 {De Firmian,N-Polugaevsky,L/Biel/
1989/ /}) 7... Qb6 $5 8. a3 (8. Nb3 $5 Qc7 9. g4 $36 (9. g4 {Boensch} b5 10.
Bd3 Bb7 11. g5 Nfd7 12. Be3 Nc5 13. O-O Nbd7 14. a3 O-O-O 15. Qh3 Kb8 16. Rad1
Nb6 17. f5 d5 18. fxe6 Nxe6 $15 {Ye Jiangchuan - Xu Jun, China 1989 - Inf.48/
320})) 8... Nc6 (8... Qxd4 $4 9. Be3 $18) (8... g6 {Boensch} 9. Be2 Bg7 10. Be3
Qc7 11. O-O-O O-O 12. g4 Nc6 13. f5 $40 {De Firmian - Yudasin, Manila izt 1990}
) 9. Nb3 {9.Nc6!?} Qc7 10. Bd3 g6 $5 11. O-O (11. Be3 $1 Bg7 12. g4 $132) 11...
Bg7 12. Be3 O-O 13. Rae1 (13. Rad1 b5 (13... Rb8 $1 {>= 14...b5}) 14. Bxb5 $1
axb5 15. Nxb5 Qb8 16. Nxd6 $16) 13... b5 14. e5 $2 (14. Kh1 $1 Bb7 15. Qh3 $13)
(14. g4 $5 {Boensch}) 14... dxe5 15. Bc5 Bb7 $1 16. Bxf8 Rxf8 17. Qe3 (17. Nc5
Qb6 $1 18. b4 Nxb4 $1 $19) (17. fxe5 $1 $19 Nxe5 18. Qh3 (18. Qf2 $13 {Boensch}
) (18. Qe2 $2 Neg4 19. g3 Qb6+ $19) 18... Nxd3 19. cxd3 (19. Qxd3 Ng4 20. Qg3
Qxg3 21. hxg3 Rc8 $17) 19... Nd5 $1 $17) 17... Bh6 $1 $17 18. Qh3 Bxf4 19. Kh1
Ne7 $1 20. Ne2 Ned5 21. Qh4 Kg7 22. Nxf4 Nxf4 (22... exf4 $5 {Boensch}) 23. Rf2
h6 24. Kg1 Rd8 25. Nd2 $6 {>= 25.Qg3! Rd5! -/+} Rd4 26. Qg3 Ng4 (26... Bxg2 $1
27. Rxg2 (27. Nb3 Nxd3 28. Nxd4 Nxe1 $19) 27... Nxg2 {/\ 25...Rg4}) 27. Qxg4 $8
(27. Rff1 Qb6 $19) 27... Nxd3 28. Qxd4 exd4 29. cxd3 e5 30. Nb3 {>= 30.Nf3} Bd5
31. Rc1 Qe7 32. Nc5 a5 33. b4 axb4 34. axb4 h5 $1 $19 35. Re1 h4 36. Rfe2 Qg5
37. h3 (37. Nd7 h3 38. g3 e4 $1 39. dxe4 d3 40. Rf2 Bb3 $19 (40... d2 $19 41.
Rd1 Qe3 42. exd5 Qe1+ 43. Rf1 Qe2 $19)) 37... Qg3 38. Rf2 $2 (38. Rf1 $8 f5 {
/\ 39...e4 40.de4 d3 41.Ree1 d2 42.Rd1 Qe3 43.Rf2 fe 44.Rdd2 Qe1 45.Kh2 e3 -+})
(38. Kf1 {Boensch} f5 39. Nd7 e4 $19) 38... Bxg2 0-1

[Event "Rohde op 09th"]
[Site "Sautron"]
[Date "2009.10.25"]
[Round "2"]
[White "Gharamian, Tigran"]
[Black "Colovic, Aleksandar"]
[Result "0-1"]
[WhiteElo "2611"]
[BlackElo "2441"]
[Annotator "Primel,D"]
[PlyCount "60"]
[EventDate "2009.10.24"]
[EventType "swiss"]
[EventRounds "9"]
[EventCountry "FRA"]
[SourceTitle "EXT 2010"]
[Source "ChessBase"]
[SourceDate "2010.11.25"]
[SourceVersion "1"]
[SourceVersionDate "2010.11.25"]
[SourceQuality "1"]
[TimeControl "40/6000+30:1800+30"]

1. e4 c5 2. Nf3 d6 3. d4 cxd4 4. Nxd4 Nf6 5. Nc3 a6 6. Be3 e6 7. f4 {03} b5 8.
e5 {13mns une ligne secondaire qui est un peu douteuse et beaucoup moins jouée
que Qf3 et il n'est pas certain que les compensations du P sacrifié, soient
suffisantes pour les blancs} (8. Qf3 $142) (8. Bd3) 8... dxe5 9. fxe5 Nd5 10.
Nxd5 {15} Qxd5 11. Be2 {[%cal Ge2f3,Gf3a8] 25mns de réflexion sur ce coup} Qxe5
{[%cal Ge5e3] Les blancs obtiennent une forte avance de développement pour le
gambit mais il n'y a pas de réelles menaces} (11... Bb7 $5 {[%csl Rg2]} 12. Qd2
{Gipslis,A (2505)-Georgiev,K (2595) Wch blitz Saint John 1988 (1) 0-1}) 12. Qd2
{[%cal Ge1c1]} Bb7 13. Bf4 (13. O-O-O Bc5 $132 {[%cal Ge8g8]}) 13... Qc5 14.
O-O-O {42} Be7 15. Nb3 Qc8 {[%csl Rc8]} 16. Na5 {[%cal Ga5b7]} (16. Bd6 Qd8 17.
Qb4 Bxd6 18. Rxd6 Qg5+ 19. Rd2 {[%csl Re8]} Qe7 20. Nc5 $13 {Gipslis,A (2535)
-Sigurjonsson,G (2530) IBM Amsterdam 1976 (9) 1/2}) 16... Bd5 (16... Be4 $5 17.
Bf3) 17. Bf3 $146 {Trés lent et un peu douteux même si le Bd5 est un bon
défenseur du camp noir.} (17. Qe3 Nc6 18. Bg4 Nxa5 19. Rxd5 Qc4 20. Re5 Qxa2
21. Bxe6 fxe6 22. Rxe6 Qa1+ 23. Kd2 Nc4+ 24. Ke2 Nxe3 25. Rxa1 Nxc2 26. Rd1 Kf7
27. Re4 Rhd8 {0-1 Van der Weide,P (2320)-Malich,B (2450)/Amsterdam 1971/MCD})
17... Bxf3 18. gxf3 Nc6 $1 19. Nxc6 Qxc6 $17 20. Qg2 Rc8 (20... Bf6 {[%cal
Gf6g7,Gf6b2]}) 21. Kb1 g6 (21... Bf6) 22. h4 h5 $1 23. Be5 O-O $1 {La
structure blanche en lambeaux ne permet pas une attaque а l'aile-roi} 24. Rd2
Rfd8 $40 25. Rxd8+ Rxd8 26. a3 Rd5 27. Qe2 Bd6 28. Bc3 $2 Bxa3 $1 $19 29. Qe4
Bf8 30. Rg1 Bg7 {Une 1ère surprise dans ce tournoi avec la chute d'un des
favoris.} 0-1

[Event "Match/Nation FRA-BUL 31-41"]
[Site "St Maxime"]
[Date "1984.10.??"]
[Round "11"]
[White "Ermenkov, Evgenij"]
[Black "Andruet, Gilles"]
[Result "1-0"]
[WhiteElo "2420"]
[BlackElo "2400"]
[Annotator "Primel,D"]
[PlyCount "67"]
[EventDate "1984.10.10"]
[EventType "team-schev"]
[EventRounds "12"]
[EventCountry "FRA"]
[SourceTitle "EXT 2018"]
[Source "ChessBase"]
[SourceDate "2017.10.13"]
[SourceVersion "1"]
[SourceVersionDate "2017.10.13"]
[SourceQuality "1"]
[WhiteTeam "Bulgaria"]
[BlackTeam "France"]
[WhiteTeamCountry "BUL"]
[BlackTeamCountry "FRA"]

1. e4 c5 2. Nf3 d6 3. d4 cxd4 4. Nxd4 Nf6 5. Nc3 e6 6. f4 a6 7. Qf3 Qb6 8. Nb3
(8. a3 $5 Nc6 (8... Qxd4 9. Be3)) 8... Qc7 9. Bd3 b5 10. g4 (10. O-O Bb7 11.
Bd2 Nbd7 12. Rae1 g6 13. Qh3 Bg7 14. f5 gxf5 15. exf5 e5 16. Ne4 d5 17. Nxf6+
Bxf6 18. Na5 e4 19. Nxb7 Qxb7 20. c3 h5 21. Be2 O-O-O 22. Kh1 Rdg8 23. Bf4 Qc6
24. Rd1 Kb7 25. Rd2 Bg5 26. Qe3 f6 27. Rfd1 Nb6 28. a4 bxa4 29. c4 Nxc4 30.
Bxc4 Bxf4 31. Qxf4 dxc4 32. Rd7+ Kc8 33. R7d6 Qb7 34. R1d5 Qc7 35. Qxe4 Rd8 36.
Qe6+ Kb8 37. Rb6+ Ka7 38. Rxa6+ {1-0 (38) De Firmian,N (2520)-Suba,M (2555)
Vrsac 1983}) 10... Nc6 11. g5 Nd7 12. h4 $146 (12. Be3 Nb4 13. O-O Bb7 14. a3
Nxd3 15. cxd3 Be7 16. Rac1 Qd8 17. Nd4 O-O 18. b4 e5 19. Nf5 exf4 20. Bxf4 f6
21. Qg3 fxg5 22. Nxe7+ Qxe7 23. Bxd6 Rxf1+ 24. Rxf1 Qe6 25. Ne2 h6 26. Nd4 Qa2
27. Qf2 Qxf2+ 28. Rxf2 Rc8 29. Rc2 Rxc2 30. Nxc2 Kf7 31. Nd4 Nf6 32. Nb3 Ng4
33. Nc5 Bc8 34. Kf1 Kf6 35. Ke2 h5 36. d4 h4 37. d5 Kg6 38. Bb8 Nf6 39. Ke3 g4
40. Bc7 Kf7 41. Bf4 Ke8 {Pavlov,M (2360)-Ungureanu,E (2350) Timisoara 1976 1/
2-1/2}) 12... Bb7 13. Be3 g6 14. Nd1 $6 {[%csl Re1] Un plan très lent} (14.
O-O-O {Plus naturel} Be7) 14... h6 $1 {[%csl Re1]} 15. O-O (15. Nf2 {[%cal
Ge1c1]} hxg5 16. hxg5 Rxh1+ 17. Qxh1 Nb4 $36 {[%csl Rc2,Rd3]}) 15... hxg5 16.
hxg5 Bg7 $15 {[%csl Rg1,Gh8]} 17. c3 Ne7 18. Nf2 Nf5 19. a4 bxa4 20. Rxa4 e5
21. Ng4 Nxe3 22. Qxe3 exf4 23. Qxf4 Ne5 $17 {[%csl Ge5]} 24. Nf6+ Bxf6 25. Qxf6
Rh4 26. Rd4 Qd7 $2 (26... Rg4+) 27. Qxe5+ dxe5 28. Rxd7 Kxd7 29. Rxf7+ Kc8 30.
Na5 Rg4+ 31. Kh2 Rh4+ 32. Kg3 Rxe4 33. Bxe4 Bxe4 34. Nc4 1-0

[Event "RUS Cup final"]
[Site "Magnitogorsk"]
[Date "2011.11.14"]
[Round "1.2"]
[White "Amonatov, Farrukh"]
[Black "Bocharov, Dmitry"]
[Result "1/2-1/2"]
[WhiteElo "2609"]
[BlackElo "2609"]
[Annotator "RR"]
[PlyCount "105"]
[EventDate "2011.11.13"]
[EventType "k.o."]
[EventRounds "4"]
[EventCountry "RUS"]
[SourceTitle "CBM 146"]
[Source "ChessBase"]
[SourceDate "2012.01.18"]
[SourceVersion "1"]
[SourceVersionDate "2012.01.18"]
[SourceQuality "1"]

1. e4 c5 2. Nf3 e6 3. d4 cxd4 4. Nxd4 a6 5. Nc3 Qc7 6. Bd3 Nf6 7. f4 d6 8. Qf3
b5 9. g4 Bb7 10. g5 Nfd7 11. Be3 Nc5 12. a3 Nbd7 13. h4 e5 14. Nde2 f5 15. gxf6
Nxf6 16. Ng3 O-O-O 17. O-O-O Kb8 18. Kb1 Be7 19. Rhf1 d5 20. fxe5 dxe4 21.
Ngxe4 Nfxe4 22. Nxe4 Rhf8 23. Qg4 Rxf1 24. Rxf1 Nxd3 25. cxd3 Rxd3 26. Rc1 Rxe3
27. Rxc7 Bxe4+ 28. Kc1 $1 (28. Qxe4 $2) 28... Kxc7 29. Qxg7 Kd8 30. Qg8+ Kc7
31. Qf7 Kd8 32. Qf4 $6 (32. Qg8+ Kc7 33. Qg7 $16) 32... Bc5 $11 33. Qf6+ Kc7
34. b4 Bb6 35. e6 Bc6 36. Qe7+ Kc8 37. h5 h6 38. Qf8+ Kc7 39. Qf4+ Kc8 40. Qf8+
Kc7 41. Qe7+ Kc8 42. Qf8+ Kc7 43. Qf4+ Kc8 44. Qxh6 Re1+ 45. Kd2 Be3+ 46. Qxe3
Rxe3 47. Kxe3 Be8 48. h6 Bg6 49. Kd4 Kd8 50. Kc5 Ke7 51. Kb6 Kxe6 52. Kxa6 Bd3
53. h7 1/2-1/2

[Event "POL-chT 66th"]
[Site "Katowice"]
[Date "2010.09.06"]
[Round "3"]
[White "Warakomski, Tomasz"]
[Black "Heberla, Bartlomiej"]
[Result "1/2-1/2"]
[WhiteElo "2468"]
[BlackElo "2534"]
[Annotator "RR"]
[PlyCount "97"]
[EventDate "2010.09.04"]
[EventType "team-tourn"]
[EventRounds "9"]
[EventCountry "POL"]
[SourceTitle "EXT 2016"]
[Source "ChessBase"]
[SourceDate "2015.10.08"]
[SourceVersion "1"]
[SourceVersionDate "2015.10.08"]
[SourceQuality "1"]
[WhiteTeam "Wroclaw"]
[BlackTeam "Katowice Szopienice"]
[WhiteTeamCountry "POL"]
[BlackTeamCountry "POL"]

1. e4 c5 2. Nf3 e6 3. d4 cxd4 4. Nxd4 Nc6 5. Nc3 d6 6. f4 Nf6 7. Nf3 (7. Be3
Be7 8. Qf3) 7... Qb6 $5 {[%csl Rb2] Une ligne secondaire} (7... Be7 8. Bd3 a6
9. a4 (9. O-O Qc7 10. Qe1 {[%csl Rg7][%cal Ge1g3] La grande ligne}) 9... d5 10.
e5 Nd7 11. Be3 Bc5 12. Bxc5 Nxc5 13. O-O Qb6 14. Kh1 Qxb2 15. Qe1 Qb4 16. f5
Nxd3 17. cxd3 d4 18. Ne2 Qxe1 19. Raxe1 exf5 20. Nexd4 Nxd4 21. Nxd4 g6 22. a5
Ke7 23. Nb3 Rd8 24. Nc5 Rd5 25. Na4 Rxa5 26. Nb6 Rb8 27. d4 Be6 28. Rb1 Rd8 29.
Rfd1 f6 30. exf6+ Kxf6 31. Kg1 Rb5 {0-1 (31) Warakomski,T (2472)-Korobov,A 
(2684) Warsaw 2010}) 8. Bd3 Be7 9. Qe2 {[%cal Gc1e3]} O-O 10. a3 {[%cal Gc3a4]}
Nd7 11. g4 $146 (11. Nd1 Bf6 12. Be3 Nd4 13. Bxd4 Bxd4 14. Nxd4 Qxd4 15. Nc3
Qf6 16. O-O Nc5 17. Rad1 Bd7 18. e5 dxe5 19. Ne4 Qe7 20. fxe5 Nxd3 21. Qxd3 Bc6
22. Nd6 Qg5 23. Qe2 {1/2-1/2 (23) Soltis,A (2435)-Weinstein,N (2470) Chicago
1974}) 11... Nc5 12. g5 f5 $1 {[%csl Re1]} 13. exf5 Nxd3+ 14. Qxd3 Rxf5 15. Be3
Qa6 $5 {La paire de B doit compenser la structure de P} (15... Qxb2 $2 16. O-O
{[%csl Rb2][%cal Gf1b1]}) 16. Qxa6 bxa6 17. O-O-O Bb7 (17... Rb8) 18. Rhe1 Raf8
19. Ne2 R5f7 20. Nfd4 Nxd4 21. Nxd4 e5 22. fxe5 dxe5 23. Ne6 Rc8 24. b4 Bf3 25.
Rd2 a5 $1 26. Bc5 axb4 27. axb4 Bxc5 28. Nxc5 a5 $1 29. Rxe5 axb4 30. Kb2 Rfc7
31. Nd3 Rc4 32. Rb5 Be4 33. Nxb4 R4c5 (33... Kf7) 34. Rxc5 Rxc5 35. Rd4 Bf5 36.
h4 Kf7 37. c4 {[%cal Gb2c3]} Be6 38. Nd3 (38. Kc3 Bxc4 $3 39. Rxc4 Rxc4+ 40.
Kxc4 Kg6 {[%csl Rc4,Rh4]}) 38... Rc7 39. Ne5+ Ke7 40. Kc3 h6 41. gxh6 gxh6 42.
Kb4 Kf6 43. Ng4+ Kf5 44. c5 (44. Nxh6+ Ke5 {[%csl Rc4]}) 44... Rd7 45. Nxh6+
Kg6 46. Rf4 Rb7+ 47. Ka5 Bd7 48. Ka6 Rc7 49. Ng4 1/2-1/2

[Event "EU-chT (Men) 18th"]
[Site "Porto Carras"]
[Date "2011.11.10"]
[Round "8.3"]
[White "Smirin, Ilia"]
[Black "Aagaard, Jacob"]
[Result "1-0"]
[WhiteElo "2670"]
[BlackElo "2522"]
[Annotator "RR"]
[PlyCount "73"]
[EventDate "2011.11.03"]
[EventType "team-swiss"]
[EventRounds "9"]
[EventCountry "GRE"]
[SourceTitle "CBM 146"]
[Source "ChessBase"]
[SourceDate "2012.01.18"]
[SourceVersion "1"]
[SourceVersionDate "2012.01.18"]
[SourceQuality "1"]
[WhiteTeam "Israel"]
[BlackTeam "Denmark"]
[WhiteTeamCountry "ISR"]
[BlackTeamCountry "DEN"]

1. e4 c5 2. Nf3 d6 3. d4 cxd4 4. Nxd4 Nf6 5. Nc3 a6 6. f4 e6 7. Qf3 Qb6 8. Nb3
Qc7 9. g4 b5 10. g5 Nfd7 11. a3 Nc6 12. Bg2 b4 13. axb4 Nxb4 14. Qe2 Be7 15.
O-O O-O 16. f5 Re8 17. f6 Bf8 18. Bf4 Rb8 19. Kh1 Ne5 20. h4 a5 21. Rxa5 Nxc2
22. fxg7 Bxg7 23. Bxe5 Bxe5 24. Rxe5 dxe5 25. Qxc2 Qb6 26. Nc1 Ba6 27. Rf2 Red8
28. Bf3 Qe3 29. Kg2 Kh8 30. N1e2 Rd2 31. Qa4 Qb6 32. Qa3 Bxe2 33. Nxe2 Qc7 $2 (
33... Qb4 34. Qa7 Rb7 $16) 34. Bh5 Rdxb2 $2 (34... Qc2 35. Qf3 f5 $16) 35. Qf3
$2 (35. Rxf7 Rxe2+ 36. Kg3) 35... f5 36. gxf6 R2b3 {[%tqu "En","","","","f3b3",
"",10]} 37. Qxb3 $1 1-0